| 000 | 00460nam a2200169Ia 4500 | ||
|---|---|---|---|
| 005 | 20240426045633.0 | ||
| 008 | 240331s9999 xx 000 0 und d | ||
| 020 | _a1565490282 | ||
| 082 |
_bTOO _a331.4 |
||
| 100 | _aFeldstein, H.S. ed | ||
| 245 | 0 |
_aTools for the field _bMethodologies Handbook for Gender Analysis in Agriculture |
|
| 260 |
_aWest Hartford _bKumarian press _c1994 |
||
| 300 | _axvi, p ., | ||
| 650 | _aWomen | ||
| 650 | _aGender | ||
| 942 | _cL | ||
| 999 |
_c2814 _d2814 |
||